| 000 | 00649nam a22001697a 4500 | ||
|---|---|---|---|
| 020 | _qHard Cover. | ||
| 082 | _a200 | ||
| 100 | _aMuhammad Uzair | ||
| 245 |
_a STUDY OF BARE SPOTS PROBLEM IN A CONTINUOUS HOT DIP GALVANIZING LINE AT A STEEL MANUFACTURING ENTERPRISE USING SIX SIGMA / _cMuhammad Uzair, |
||
| 260 |
_aKarachi : _bPNEC - NUST, _c2016. |
||
| 300 |
_axi, 44 p. : ill. ; _c30cm. |
||
| 650 |
_aMS- Industrial & Manufacturing Engineering _9127273 |
||
| 700 |
_aSupervisor: Dr. Aqeel Shah. _9127295 |
||
| 856 | _u http://10.250.8.41:8080/xmlui/handle/123456789/22436 | ||
| 942 |
_2ddc _cSC |
||
| 999 |
_c535471 _d535471 |
||